000 00464nam a2200157Ia 4500
008 231217s9999 xx 000 0 und d
041 _aEnglish
082 _a001.642 HEN `R'
100 _aHennessy, John L Patterson, David A
245 0 _aComputer organization and design: The hardware software interface
250 _a2nd ed.
260 _c1998
_bSingapore : Harcourt Asia/Morgan,
300 _axxix+759
650 _aComputer organization
942 _cAA
999 _c167288
_d167288